Derecho penal del medio ambiente: estudios y propuesta para un nuevo derecho penal ambiental chileno
שמור ב:
| מחבר ראשי: | |
|---|---|
| פורמט: | ספר |
| שפה: | ספרדית |
| יצא לאור: |
Santiago
Jurídica de Chile
2004
|
| מהדורה: | 1a. ed |
| נושאים: | |
| תגים: |
הוספת תג
אין תגיות, היה/י הראשונ/ה לתייג את הרשומה!
|
MARC
| LEADER | 00000nam a2200000 a 4500 | ||
|---|---|---|---|
| 001 | UCL9944 | ||
| 003 | CL-VaPUC | ||
| 008 | 040903e20040000CL |||||||||||||||||spa|d | ||
| 020 | |a 9561015544 | ||
| 082 | 0 | 4 | |a 345.83026 |b MAT |2 21 |
| 100 | |a Matus Acuña, Jean Pierre |e autor |9 622291 | ||
| 245 | 1 | 0 | |a Derecho penal del medio ambiente: estudios y propuesta para un nuevo derecho penal ambiental chileno |
| 250 | |a 1a. ed | ||
| 300 | |a 245 p | ||
| 942 | |c BK | ||
| 945 | |d 20040903 00:00:00 |a cmena | ||
| 260 | |a Santiago |b Jurídica de Chile |c 2004 | ||
| 650 | 7 | |a DERECHO PENAL |2 CL-VaPUC |9 11 | |
| 650 | 0 | |a Derecho ambiental |9 257835 | |
| 650 | 0 | |a Jurisprudencia |9 255952 | |
| 650 | 0 | |a Protección del medio ambiente |9 257626 | |
| 651 | 7 | |a CHILE |2 CL-VaPUC |9 487889 | |
| 583 | |a last modification |c 20040903 00:00:00 |k Rodrigo Vera | ||
| 999 | |c 310559 |d 310557 | ||
| 952 | |0 0 |1 0 |4 0 |6 345_830260000000000_MAT_2004 |7 0 |8 A |9 379156 |a BIBDER |b BIBDER |d 2019-11-21 |i 4049241 |l 9 |m 2 |o 345.83026 MAT 2004 |p 4049241 |r 2025-04-04 |s 2025-04-04 |w 2019-11-21 |y BK |k DER | ||